Consulta sobre si puede el Obispo admitir debajo de su obediencia el monasterio de religiosas que un caballero pretende fundar en su obispado con regla e instituto de religión aprobada por el Sumo Pontífice sin consentimiento de la tal religion

Detalles Bibliográficos
Formato: Libro
Publicado: s.l., s.f.
Materias:
Colección:Banco de datos
Acervo:Biblioteca Palafoxiana. Colección de Manuscritos
Descripción Física:3 f. ; 21 x 30 cm.
Tema general:Eclesiástica
LEADER 00553nam a22001330004500
035 |a 1539 
245 1 0 |a Consulta sobre si puede el Obispo admitir debajo de su obediencia el monasterio de religiosas que un caballero pretende fundar en su obispado con regla e instituto de religión aprobada por el Sumo Pontífice sin consentimiento de la tal religion 
260 |a s.l., s.f. 
300 |a 3 f. ; 21 x 30 cm.  
650 1 0 |a Eclesiástica 
949 |a 32280/294 
942 |c PALAMANU 
943 |g Biblioteca Palafoxiana. Colección de Manuscritos 
999 |c 1069484  |d 1069484